000
00273nam a22001217a 4500
041
_a
ENG
100
_a
65.060.50
245
_a
Power Threshers- Safety Requirements
260
_a
New Delhi
_b
BSI
_c
2002
300
_a
24
650
_a
BIS-Test Code
856
_u
BIS-Test Code
999
_c
1980
_d
1980